French popular culture : (Record no. 1667)

MARC details
000 -LEADER
fixed length control field 00718nam a2200217 a 4500
003 - CONTROL NUMBER IDENTIFIER
control field BD-DhJNU
005 - DATE AND TIME OF LATEST TRANSACTION
control field 20250506072438.0
008 - FIXED-LENGTH DATA ELEMENTS--GENERAL INFORMATION
fixed length control field 040419s2003 enka b 001 0 eng
020 ## - INTERNATIONAL STANDARD BOOK NUMBER
International Standard Book Number 0340808810
020 ## - INTERNATIONAL STANDARD BOOK NUMBER
International Standard Book Number 0340808829
040 ## - CATALOGING SOURCE
Original cataloging agency BD-DhJNU
Language of cataloging ENG
Transcribing agency BD-DhJNU
Modifying agency BD-DhJNU
050 00 - LIBRARY OF CONGRESS CALL NUMBER
Classification number DC415
Item number .F76 2003
082 00 - DEWEY DECIMAL CLASSIFICATION NUMBER
Classification number 306.0944 FRE
Edition number 23
245 00 - TITLE STATEMENT
Title French popular culture :
Remainder of title an introduction /
Statement of responsibility, etc. edited by Hugh Dauncey
260 ## - PUBLICATION, DISTRIBUTION, ETC.
Place of publication, distribution, etc. London :
Name of publisher, distributor, etc. Arnold ;
Place of publication, distribution, etc. New York :
Name of publisher, distributor, etc. Distributed in the U.S. by Oxford University Press,
Date of publication, distribution, etc. 2003.
300 ## - PHYSICAL DESCRIPTION
Extent viii, 220 p. :
Other physical details ill. ;
Dimensions 25 cm.
504 ## - BIBLIOGRAPHY, ETC. NOTE
Bibliography, etc. note Includes bibliographical references and index.
650 #0 - SUBJECT ADDED ENTRY--TOPICAL TERM
Topical term or geographic name entry element Popular culture
Geographic subdivision France.
700 1# - ADDED ENTRY--PERSONAL NAME
Personal name Dauncey, Hugh
942 ## - ADDED ENTRY ELEMENTS (KOHA)
Koha item type Books
Holdings
Withdrawn status Lost status Source of classification or shelving scheme Damaged status Not for loan Collection Home library Current library Shelving location Date acquired Source of acquisition Total checkouts Full call number Barcode Date last seen Copy number Price effective from Koha item type
    Dewey Decimal Classification     Non-fiction Jagannath University Central Library Jagannath University Central Library General stacks 05/06/2025 Purchased   306.0944 FRE JNUCL22240 05/06/2025 1 05/06/2025 Books